Every Country Shape Impossible - Statistics

General Stats
  • This quiz has been taken 16 times
    13 since last reset
  • The average score is 74 of 196
Answer Stats
Picture Answer % Correct
Georgia
71%
Italy
71%
Madagascar
71%
Morocco
71%
Sri Lanka
71%
Syria
71%
Angola
57%
Argentina
57%
Armenia
57%
Bangladesh
57%
Benin
57%
Burkina Faso
57%
Cameroon
57%
Chad
57%
France
57%
Germany
57%
Hungary
57%
India
57%
Iran
57%
Ireland
57%
Laos
57%
Lithuania
57%
Malawi
57%
Mauritania
57%
Moldova
57%
Mozambique
57%
Namibia
57%
Norway
57%
Papua New Guinea
57%
Poland
57%
Senegal
57%
Somalia
57%
Spain
57%
Sweden
57%
Thailand
57%
Turkey
57%
United Kingdom
57%
Venezuela
57%
Vietnam
57%
Zambia
57%
Afghanistan
43%
Albania
43%
Australia
43%
Austria
43%
Azerbaijan
43%
Belarus
43%
Belgium
43%
Belize
43%
Bosnia and Herzegovina
43%
Brazil
43%
Canada
43%
Chile
43%
China
43%
Colombia
43%
Croatia
43%
Cuba
43%
Cyprus
43%
Democratic republic of the congo
43%
Denmark
43%
Ecuador
43%
Egypt
43%
Eritrea
43%
Ethiopia
43%
Finland
43%
Gabon
43%
Gambia
43%
Greece
43%
Guinea
43%
Haiti
43%
Iceland
43%
Indonesia
43%
Iraq
43%
Israel
43%
Ivory Coast
43%
Japan
43%
Jordan
43%
Kazakhstan
43%
Kosovo
43%
Kyrgyzstan
43%
Latvia
43%
Liechtenstein
43%
Mali
43%
Malta
43%
Mexico
43%
Monaco
43%
Mongolia
43%
Myanmar
43%
Nepal
43%
Netherlands
43%
New Zealand
43%
Niger
43%
North Korea
43%
North Macedonia
43%
Oman
43%
Pakistan
43%
Panama
43%
Paraguay
43%
Peru
43%
Philippines
43%
Portugal
43%
Republic of the Congo
43%
Romania
43%
Russia
43%
Saudi Arabia
43%
Serbia
43%
Slovakia
43%
Slovenia
43%
South Africa
43%
South Korea
43%
Sudan
43%
Switzerland
43%
Taiwan
43%
Tajikistan
43%
Turkmenistan
43%
Ukraine
43%
United Arab Emirates
43%
United States
43%
Vatican City
43%
Yemen
43%
Algeria
29%
Andorra
29%
Antigua and Barbuda
29%
Bahrain
29%
Bhutan
29%
Bolivia
29%
Botswana
29%
Bulgaria
29%
Central African Republic
29%
Czech Republic
29%
Djibouti
29%
East Timor
29%
Equatorial Guinea
29%
Estonia
29%
Ghana
29%
Guyana
29%
Honduras
29%
Kenya
29%
Kuwait
29%
Lesotho
29%
Liberia
29%
Libya
29%
Luxembourg
29%
Malaysia
29%
Maldives
29%
Nicaragua
29%
Nigeria
29%
Qatar
29%
Rwanda
29%
Saint Kitts and Nevis
29%
Solomon Islands
29%
South Sudan
29%
Suriname
29%
Tanzania
29%
Togo
29%
Trinidad and Tobago
29%
Tuvalu
29%
Uganda
29%
Uzbekistan
29%
Zimbabwe
29%
Bahamas
14%
Barbados
14%
Brunei
14%
Burundi
14%
Cambodia
14%
Cape Verde
14%
Comoros
14%
Costa Rica
14%
Dominica
14%
Dominican Republic
14%
El Salvador
14%
Eswatini
14%
Federated States of Micronesia
14%
Fiji
14%
Grenada
14%
Guatemala
14%
Guinea-Bissau
14%
Jamaica
14%
Kiribati
14%
Lebanon
14%
Marshall Islands
14%
Mauritius
14%
Montenegro
14%
Nauru
14%
Palau
14%
Saint Lucia
14%
Saint Vincent and the Grenadines
14%
Samoa
14%
San Marino
14%
São Tomé and Príncipe
14%
Seychelles
14%
Sierra Leone
14%
Singapore
14%
Tonga
14%
Tunisia
14%
Uruguay
14%
Vanuatu
14%
No matching quizzes found
Score Distribution
Percent of People with Each Score
Percentile by Number Answered
Your Score History
You have not taken this quiz since the last reset